Responses for Show #3054 - Thursday, December 4, 1997

Contestants

[<< previous game]

Denise Mikrut, a high school teacher from Manteno, Illinois

Cathy Shaffer, a deputy prosecuting attorney from Shoreline, Washington

Tom Castelazo, a middle school teacher originally from Fresno, California (whose 2-day cash winnings total $14,801)

[next game >>]

Jeopardy! Round responses

ANIMALS
WORLD HISTORY
TELEVISION
CANNIBAL CUISINE
COLLEGES & UNIVERSITIES
MONOSYLLABLES
    $100 7
Piranha

Tom
    $100 2
Mao Tse-tung

Tom
    $100 1
Bryant Gumbel

Denise
    $100 26
Palm

Cathy
    $100 21
Harvard

Denise
    $100 16
(Cathy: What is aren't?)

ain't

CathyDenise
    $200 8
Bottlenose dolphin

Cathy
    $200 3
(Denise: What is Belgium?)

the Netherlands (Holland)

TomDenise
    $200 12
Marge Simpson

Tom
    $200 27
Sole

Tom
    $200 22
Johns Hopkins

Cathy
    $200 17
Man!

Denise
    $300 9
Cheetahs

Denise
    $300 4
Lord Nelson

Cathy
    $300 13
(Cathy: What is Breakfast At Tiffany's?)

In Cold Blood

TomCathy
    $300 28
Elbow macaroni

Triple Stumper
    $300 23
Stanford

Tom
    $300 18
Thanks

Triple Stumper
    $400 10
(Denise: What is a gazelle?)

an impala

CathyDenise
    $400 5
Hungary

Denise
    $400 14
(Denise: What is Santa Barbara?)
(Tom: What is Pacific Palisades?)

Sunset Beach

TomDenise
Triple Stumper
    $400 29
Ladyfingers

Tom
    $400 24
Northwest Territories

CathyDenise
    $400 19
Ouch

Cathy
    $500 11
Lemmings

Tom
    $500 6
South Africa

Cathy
    $500 15
MacGyver

Denise
    $500 30
(Alex: Have you tried it?)
(Tom: No, I looked at it once.)
(Alex: I've tried it, & now I just look at it!)

Head cheese

Tom
    $500 25
Oman

Denise
    $500 20
Pooh

Cathy

Scores at the first commercial break (after clue 15):

Tom Cathy Denise
$1,000 $1,100 $300

Scores at the end of the Jeopardy! Round:

Tom Cathy Denise
$2,400 $1,800 $1,600

Double Jeopardy! Round responses

LESSER-KNOWN MOVIES
METALS
ART & ARTISTS
LANGUAGES
AMERICAN LITERATURE
TAKING YOUR "Q"
    $200 22
King Lear

Cathy
    $200 16
Steel

Cathy
    $200 2
Salvador Dali

Tom
    $200 1
Hawaiian

Tom
    $200 8
Mississippi River

Cathy
    $200 17
Quicksand

Cathy
    $400 23
(Tom: Who is Don Adams?)
...
(Alex: With a minute to go.)

Don Knotts

TomDenise
    $400 27
Mercury

Denise
    $1,500 3
Toulouse-Lautrec

Tom
    $400 7
Swedish

Triple Stumper
    $400 9
Nathaniel Hawthorne

Tom
    $400 18
Quotas

Cathy
    $600 24
(Cathy: Who is Red Chief?)

Rafferty

Cathy
Triple Stumper
    $600 28
(Denise: What is silver?)
...
[The end-of-round signal sounds.]

tin

Denise
Triple Stumper
    $600 4
Hudson River School

Denise
    $600 13
(Denise: What is English?)

Greek (island of Rhodes)

Denise
Triple Stumper
    $600 10
John Steinbeck

Tom
    $600 19
Quartering

Denise
    $800 25
The Conversation

Tom
    $800 5
(Cathy: Who is Louis XIV?)

Louis XV

CathyDenise
    $800 14
Polish

Triple Stumper
    $800 11
John Dos Passos

Tom
    $1,500 20
Marquess of Queensbury

Denise
    $1000 26
Barton Fink

Tom
    $1000 6
"Peaceable Kingdom"

Cathy
    $1000 15
Philippines

Tom
    $1000 12
Isaac Asimov

Cathy
    $1000 21
Quasars

Denise

Scores at the end of the Double Jeopardy! Round:

Tom Cathy Denise
$8,500 $3,600 $5,700

[wagering suggestions for these scores]

Final Jeopardy! Round responses

HALLS OF FAME
CathyWhat are comedians? Hi Dv Lsa
$3,500
DeniseWhat is clowns
$5,000
TomWhat [are] is TV hosts?
$4,800
Clowns

Final scores:

Tom Cathy Denise
$3,700 $100 $10,700
2nd place: Zenith 35" Big Screen Television & Bush Home Theater Center 3rd place: Monorail Desktop PC New champion: $10,700

Game dynamics:

Coryat scores:

Tom Cathy Denise
$7,400 $3,600 $5,000
19 R
(including 2 DDs),
2 W
15 R,
5 W
16 R
(including 1 DD),
5 W

Combined Coryat: $16,000

[game clues] [game scores] [suggest correction]

Game tape date: Unknown
The J! Archive is created by fans, for fans. Scraping, republication, monetization, and malicious use prohibited; this site may use cookies and collect identifying information. See terms. The Jeopardy! game show and all elements thereof, including but not limited to copyright and trademark thereto, are the property of Jeopardy Productions, Inc. and are protected under law. This website is not affiliated with, sponsored by, or operated by Jeopardy Productions, Inc. Join the discussion at JBoard.tv.